[Event "8th Nana Aleksandria"]
[Site "Poti GEO"]
[Date "2013.07.15"]
[Round "3.1"]
[White "Pantsulaia,L"]
[Black "Chighladze,I"]
[Result "1-0"]
[WhiteElo "2588"]
[BlackElo "2399"]

1.Nf3 d5 2.g3 c6 3.Bg2 Bg4 4.O-O Nf6 5.d3 Nbd7 6.Nbd2 e5 7.e4 Bc5 8.h3 Bxf3
9.Qxf3 O-O 10.exd5 cxd5 11.c4 dxc4 12.Nxc4 Rb8 13.Bd2 b5 14.Na5 Qb6 15.b4 Bd4
16.Rac1 Qe6 17.Rc2 Rbc8 18.Rfc1 Rxc2 19.Rxc2 h6 20.Be1 Re8 21.Qc6 e4 22.dxe4 Nxe4
23.Re2 Ndf6 24.Qxb5 a6 25.Qc6 Qxc6 26.Nxc6 Bb6 27.a4 Re6 28.a5 Bc7 29.Nd4 Re5
30.Nb3 Kf8 31.Nd2 Ng5 32.Rxe5 Bxe5 33.Nb3 Nge4 34.Bf1 Nd5 35.Bxa6 Nec3 36.Bb7 Nc7  1-0

[Event "7th LCT 2013"]
[Site "Leiden NED"]
[Date "2013.07.16"]
[Round "5.1"]
[White "Prohaszka,P2"]
[Black "Sengupta,D"]
[Result "0-1"]
[WhiteElo "2554"]
[BlackElo "2555"]

1.Nf3 d5 2.g3 Nf6 3.Bg2 c6 4.O-O Nbd7 5.d4 e6 6.c4 Be7 7.Qc2 O-O 8.Rd1 b6
9.Bf4 Bb7 10.Ne5 Nh5 11.Bd2 Bd6 12.Bf3 Nhf6 13.Bf4 Qb8 14.Nxd7 Nxd7 15.Bxd6 Qxd6
16.Nc3 f5 17.Qb3 Ba6 18.cxd5 cxd5 19.Nxd5 Bxe2 20.Ne7+ Qxe7 21.Bxe2 Kh8 22.Bb5 f4
23.Re1 Rf6 24.Qa4 Nf8 25.Re2 Rd8 26.Rae1 Qf7 27.Bc6 h6 28.Qc4 Rc8 29.b4 Nh7
30.h4 fxg3 31.fxg3 Qc7 32.Rxe6 Qxg3+ 33.Kh1 Rf2  0-1

[Event "Lueneburg GM 2013"]
[Site "Lueneburg GER"]
[Date "2013.07.16"]
[Round "2.5"]
[White "Gutman,L"]
[Black "Karpatchev,A"]
[Result "1/2-1/2"]
[WhiteElo "2455"]
[BlackElo "2484"]

1.Nf3 d5 2.g3 g6 3.Bg2 Bg7 4.d4 Nf6 5.O-O O-O 6.c4 c6 7.cxd5 cxd5 8.Nc3 Ne4
9.Ne5 Nxc3 10.bxc3 Nc6 11.Nxc6 bxc6 12.Qa4 Qb6 13.Ba3 Qa6 14.Qxa6 Bxa6 15.Rfe1 Rfe8  1/2-1/2

[Event "Lueneburg IM 2013"]
[Site "Lueneburg GER"]
[Date "2013.07.16"]
[Round "2.5"]
[White "Fries Nielsen,JO"]
[Black "Ivanov,MM"]
[Result "1/2-1/2"]
[WhiteElo "2381"]
[BlackElo "2392"]

1.Nf3 d5 2.g3 c6 3.Bg2 Bg4 4.d3 Nd7 5.Nbd2 e6 6.O-O Bd6 7.c4 Ne7 8.b3 O-O
9.Bb2 Qb8 10.a3 a5 11.Qc2  1/2-1/2

[Event "10th South Wales Int 2013"]
[Site "Penarth WLS"]
[Date "2013.07.16"]
[Round "5.25"]
[White "Wilson,Matthew R"]
[Black "Stensholt,Sigvat"]
[Result "0-1"]
[WhiteElo "1729"]
[BlackElo "1945"]

1.Nf3 d5 2.g3 Nf6 3.Bg2 g6 4.d4 Bg7 5.c4 c6 6.O-O O-O 7.Nbd2 Nbd7 8.b3 e5
9.dxe5 Ng4 10.Bb2 Ngxe5 11.Qc2 dxc4 12.Nxc4 Qc7 13.Ncxe5 Nxe5 14.Nxe5 Bxe5
15.b4 Bf5 16.Bxe5 Qxe5 17.e4 Be6 18.Rfd1 Rfd8 19.f4 Qb5 20.a3 Qb6+ 21.Kh1 Bg4
22.Rxd8+ Rxd8 23.h3 Qd4 24.Rc1 Bd1 25.Qc5 Qb2 26.Qe7 Rd2 27.Qe8+ Kg7 28.Qe5+ Qxe5
29.fxe5 Ba4 30.Rc3 Kf8 31.h4 Ke7 32.Bh3 Bb5 33.Bc8 Rd3 34.Rxd3 Bxd3 35.Bxb7 Bxe4+
36.Kg1 Ke6 37.b5 Kxe5 38.bxc6 Kd6 39.Kf2 Bxc6 40.Ba6 Kc5 41.Ke3 Bb5 42.Bb7 Kc4
43.g4 Bd7 44.g5 Be6 45.Bc6 Kc5 46.Be8 Kd5 47.Kd3 a5 48.Ke3 Ke5 49.Bb5 Kf5
50.Kf3 Bd5+ 51.Kg3 Ke4 52.Be8 Bb3 53.a4 Ke5 54.Kg4 Ke6 55.Kf4 Bd5 56.Bb5 Kd6
57.Be2 Bb3 58.Bb5 Kd5 59.Be8 Kd4 60.Bb5 Kc5 61.Ke5 Kb4 62.Be8 Bxa4 63.Bxf7 Bd1
64.Kf6 Bh5 65.Kg7 a4 66.Kxh7 a3 67.Kg7 Kc3 68.Kf6 Kb2 69.Bxg6 Bxg6 70.Kxg6 a2
71.Kh6 a1=Q 72.g6 Qc1+ 73.Kh7 Qh1 74.g7 Qxh4+ 75.Kg8 Kc3 76.Kf8 Qf6+ 77.Kg8 Kd4
78.Kh7 Qh4+ 79.Kg8 Ke5 80.Kf7 Qf6+ 81.Kg8 Ke6 82.Kh7 Qh4+ 83.Kg8 Kf6 84.Kf8 Qb4+
85.Kg8 Qb7 86.Kh7 Qxg7+  0-1

[Event "17th Battle of Senta"]
[Site "Senta SRB"]
[Date "2013.07.16"]
[Round "5.5"]
[White "Balog,I1"]
[Black "Desnica,V"]
[Result "1/2-1/2"]
[WhiteElo "2547"]
[BlackElo "2257"]

1.Nf3 d5 2.g3 Bg4 3.Bg2 c6 4.h3 Bxf3 5.Bxf3 Nf6 6.d3 e6 7.Nd2 Nbd7 8.e4 Bd6
9.Qe2 dxe4 10.dxe4 e5 11.Nc4 Be7 12.Bd2 Qc7 13.h4 a5 14.h5 h6 15.Ne3 Nc5
16.Nf5 Ne6 17.c3 Nh7 18.Bg4 Bg5 19.O-O-O O-O 20.Ne3 Nc5 21.Bf5 Rfd8 22.Ng4 Bxd2+
23.Rxd2 Rxd2 24.Qxd2 Rd8 25.Qe2 Ng5 26.Rd1 Rxd1+ 27.Qxd1 Kf8 28.Qe2 Qd6 29.Kc2 Ke8
30.Ne3 b5 31.f3 Kd8 32.Bg4 Nge6 33.Nf5 Qf8 34.Qe3 Kc7 35.f4 exf4 36.gxf4 Qd8
37.Nxg7 Qh4 38.Nxe6+ Nxe6 39.Qa7+ Kc8 40.Qa8+ Kc7 41.Qxa5+ Kb7 42.Bxe6 fxe6
43.a4 Qxh5 44.axb5 cxb5 45.f5 Qe2+ 46.Kb3 exf5 47.Ka3 fxe4 48.Qd8 Qc4 49.Qd7+ Kb6
50.Qd6+ Qc6 51.Qb8+ Qb7 52.Qd6+ Qc6 53.Qb8+ Ka6 54.Qe5 Kb7 55.b3  1/2-1/2

[Event "17th Battle of Senta"]
[Site "Senta SRB"]
[Date "2013.07.16"]
[Round "5.3"]
[White "Dudukovic,N"]
[Black "Nadj Hedjesi,B"]
[Result "1-0"]
[WhiteElo "2321"]
[BlackElo "2389"]

1.Nf3 d5 2.g3 c6 3.Bg2 Nf6 4.O-O Bf5 5.d3 h6 6.Nbd2 e6 7.Re1 Be7 8.c4 O-O
9.a3 a5 10.b3 Na6 11.Bb2 Bh7 12.Rc1 Qb6 13.h3 Rfd8 14.Rb1 Rac8 15.g4 Qa7
16.Bd4 b6 17.Qc1 Nc5 18.b4 Ncd7 19.Bc3 axb4 20.axb4 Qc7 21.Qb2 Ra8 22.Ra1 c5
23.Rxa8 Rxa8 24.bxc5 bxc5 25.cxd5 exd5 26.Nf1 Rb8 27.Qa2 c4 28.dxc4 Ne4 29.Rc1 Nxc3
30.Rxc3 Bf6 31.Rc1 Bb2 32.Rd1 dxc4 33.Ne3 c3 34.Nd4 Nf6 35.Ndc2 Rd8 36.Rxd8+ Qxd8
37.Qa4 Bc1 38.Nf5 Qd1+ 39.Bf1 Bxf5 40.gxf5 Kh7 41.Qb3 Bd2 42.Kg2 Be1 43.e3 Qd2
44.Nxe1 Qxe1 45.Bd3 Qd2 46.Qc4 Kg8 47.Qc8+ Kh7 48.Qc4 h5 49.Kg3 Kg8 50.Qc8+ Kh7
51.Qc4 Kg8 52.Qc8+ Kh7 53.Qc4 Qe1 54.Kg2 Qa1 55.Qxf7 Qa8+ 56.e4 Qc6 57.Bc2 Qd6
58.Qg6+ Kh8 59.Qg3 Qd2 60.Qd3 Qg5+ 61.Kf3 Qc1 62.Qxc3 Qh1+ 63.Ke2 Qc1 64.e5 Ng8
65.f6 Qf4 66.fxg7+ Kxg7 67.Qc7+ Kf8 68.Qd6+ Kg7 69.Qg6+ Kf8 70.Qxh5 Qc4+
71.Bd3 Qd4 72.Qf3+ Ke7 73.Qb7+ Kf8 74.Qc8+ Kf7 75.Qc4+  1-0

[Event "12th Condom Chess Festival IM"]
[Site "Condom FRA"]
[Date "2013.07.17"]
[Round "6.5"]
[White "Song,Ju"]
[Black "Favarel,A"]
[Result "1-0"]
[WhiteElo "2409"]
[BlackElo "2347"]

1.Nf3 d5 2.g3 Nf6 3.Bg2 c6 4.O-O Bg4 5.c4 e6 6.cxd5 exd5 7.d3 Be7 8.Nc3 O-O
9.h3 Bxf3 10.Bxf3 Nbd7 11.Bg2 d4 12.Ne4 Re8 13.Bd2 Nd5 14.g4 Qb6 15.Rb1 Nf8
16.b4 a6 17.f4 Rad8 18.Kh1 Bd6 19.Qe1 Bb8 20.a4 Qc7 21.b5 axb5 22.axb5 b6
23.bxc6 Ng6 24.Qf2 Qxc6 25.Qxd4 Ngxf4 26.Bxf4 Nxf4 27.Qxb6 Qd7 28.Qf2 Qc7
29.Rxb8 Nxd3 30.exd3 Rxb8 31.Ng3 Rbd8 32.Be4 g6 33.Qf4 Qe7 34.Qf6 Qf8 35.g5 Rd6
36.Qf3 Red8 37.h4 R8d7 38.Ne2 h6 39.Nf4 hxg5 40.hxg5 Qd8 41.Nd5 Rxd5 42.Bxd5 Rxd5
43.Qxf7+ Kh8 44.Re1  1-0

[Event "12th Condom Open"]
[Site "Condom FRA"]
[Date "2013.07.17"]
[Round "6.4"]
[White "Velten,P"]
[Black "Alcaraz Ortega,J"]
[Result "0-1"]
[WhiteElo "2422"]
[BlackElo "2345"]

1.Nf3 d5 2.g3 c6 3.Bg2 Nf6 4.O-O Bf5 5.b3 Nbd7 6.Bb2 e6 7.d3 Bc5 8.Nbd2 O-O
9.c4 Qe7 10.Qc2 a5 11.e4 dxe4 12.dxe4 Bg6 13.Nh4 e5 14.Rae1 Rfe8 15.h3 Rad8
16.Kh2 Nf8 17.Re2 Bd4 18.Bc1 Ne6 19.Nf5 Qc7 20.Nf3 Bc5 21.N3h4 Nd4 22.Nxd4 Bxd4
23.Bg5 Re6 24.f3 h6 25.Bc1 Nh5 26.Ree1 b6 27.Qe2 Rf6 28.Rd1 c5 29.Bh1 Bh7
30.Rd3 Qe7 31.Rfd1 Rfd6 32.Ng2 Bf2 33.g4 Bg3+ 34.Kg1 Nf4 35.Bxf4 exf4 36.Rd5 f6
37.Qd2 Rxd5 38.cxd5 Rd6 39.Nxf4 g5 40.Ne2 Be5 41.Bg2 Rd8 42.Bf1 Bg6 43.Nc1 h5
44.Bc4 Kg7 45.Kg2 Bf4 46.Qc2 Bd6 47.Nd3 Rh8 48.Rh1 hxg4 49.hxg4 Bxe4 50.Rxh8 Bxd3
51.Qxd3 Kxh8 52.Qg6 Qg7 53.Qe8+ Qf8 54.Qc6 Qd8 55.Bd3 Kg7 56.Bf5 Bb8 57.Kf1 Bd6
58.Be6 Kf8 59.Ke2 Bc7 60.Kd3 Ke7 61.Kc4 Qd6 62.Qb7 Qd8 63.Kb5 Qe8+ 64.Ka6 Kd6
65.Bc8 a4 66.Be6 axb3 67.axb3 c4 68.Bf7 Qxf7 69.Qc6+ Ke5 70.d6 Bd8 71.bxc4 Qe6
72.Kb7 f5 73.gxf5 Qxd6 74.Qe4+ Kf6 75.Ka6 Qd7 76.f4 Qc8+ 77.Kb5 g4 78.Qe5+ Kf7
79.Qd5+ Kg7 80.Qd3 Kf6 81.Ka4 Qc6+  0-1

[Event "Czech Open G1 Rapid 2013"]
[Site "Pardubice CZE"]
[Date "2013.07.17"]
[Round "2.11"]
[White "Kourousis,E"]
[Black "Lintchevski,D"]
[Result "1/2-1/2"]
[WhiteElo "2391"]
[BlackElo "2529"]

1.Nf3 d5 2.g3 Bg4 3.Bg2 c6 4.O-O Nd7 5.d3 e5 6.c4 dxc4 7.dxc4 Ngf6 8.Nc3 Be7
9.h3 Bxf3 10.Bxf3 O-O 11.Qc2 Qc7 12.Bg5 h6 13.Bxf6 Nxf6 14.Rfd1 Rfd8 15.Ne4 Nxe4
16.Bxe4 Bc5 17.e3 a5 18.h4 Rxd1+ 19.Rxd1 Rd8  1/2-1/2

[Event "Czech Open G1 Rapid 2013"]
[Site "Pardubice CZE"]
[Date "2013.07.17"]
[Round "3.37"]
[White "Klenburg,M"]
[Black "Kutynec,V"]
[Result "1-0"]
[WhiteElo "2368"]
[BlackElo "2300"]

1.g3 d5 2.Nf3 Nc6 3.Bg2 e5 4.d3 Bd6 5.O-O Nge7 6.c4 dxc4 7.dxc4 O-O 8.Nc3 h6
9.b3 Be6 10.Bb2 Qd7 11.Nb5 Rfd8 12.Re1 f6 13.Nxd6 Qxd6 14.Qxd6 Rxd6 15.Red1 Rad8
16.Rxd6 Rxd6 17.Bc3 a5 18.e3 b6 19.Nd2 Rd3 20.Rc1 Nb4 21.Bxb4 axb4 22.Nf1 c5
23.Bf3 Bf5 24.g4 Rc3 25.Rd1 Bd3 26.Ng3 b5 27.cxb5 Bxb5 28.Rd8+ Kf7 29.Ne4 Rc1+
30.Kg2 Ng6 31.Bd1 Bc6 32.f3 Bxe4 33.fxe4 Nh4+ 34.Kf2 Ke7 35.Rd2 g5 36.Ke2 Ng6
37.Rd5 Ke6 38.Kd2 Rc3 39.Be2 Ne7 40.Rd8 Nc6 41.Ra8 Kd6 42.Bc4 Kc7 43.Bd5 Ne7
44.Ra7+ Kd8 45.Bc4 Ng6 46.Rf7 Nh4 47.Rxf6 Ke7 48.Rf7+ Kd6 49.Rf2 Ke7 50.a4 Kd6
51.a5 Kc7 52.a6 Rxc4 53.bxc4 Kb6 54.Kc2 Kxa6 55.Kb3 Kb7 56.Ka4 Kc6 57.Ka5 Kd6
58.Kb5 b3 59.Rd2+ Ke6 60.Kxc5 Nf3 61.Rb2  1-0

[Event "Czech Open G1 Rapid 2013"]
[Site "Pardubice CZE"]
[Date "2013.07.17"]
[Round "3.24"]
[White "Schlosser,P"]
[Black "Korinek,O"]
[Result "1/2-1/2"]
[WhiteElo "2602"]
[BlackElo "2331"]

1.Nf3 d5 2.g3 Nf6 3.Bg2 c6 4.O-O Bf5 5.c4 e6 6.cxd5 exd5 7.d3 Be7 8.Qb3 Qb6
9.Qc2 O-O 10.Nc3 Nbd7 11.e4 dxe4 12.dxe4 Bg6 13.Nh4 Rfe8 14.Be3 Qa5 15.Rad1 Bb4
16.Bd2 Qd8 17.f3 Qe7 18.a3 Bc5+ 19.Kh1 Rad8 20.Bg5 Qf8 21.Bc1 Be7 22.f4 Nb6
23.Rxd8 Rxd8 24.f5 Bh5 25.h3 Nfd7 26.Bf4 Bxh4 27.gxh4 f6 28.Rg1 Kh8 29.Qf2 Qe7
30.a4 Ne5 31.Bf1 Nd3 32.Bxd3 Rxd3 33.Rg3 Rxg3 34.Qxg3 Nc4 35.b3 Ne5 36.Bxe5 fxe5
37.Qg5 Bf3+ 38.Kh2 Qd6 39.Qe3 Bh5 40.Ne2 Bxe2 41.Qxe2 h6  1/2-1/2

[Event "Thracian Princess ch-BUL Open w 2013"]
[Site "Vratsa BUL"]
[Date "2013.07.17"]
[Round "3.8"]
[White "Vasova,M"]
[Black "Salimova,Nurgyul"]
[Result "1-0"]
[WhiteElo "1910"]
[BlackElo "1870"]

1.Nf3 d5 2.g3 Nf6 3.Bg2 c6 4.O-O Bg4 5.d3 e6 6.Nbd2 Be7 7.b3 O-O 8.Bb2 Nbd7
9.c4 h6 10.a3 a5 11.Qc2 Bf5 12.Bc3 Nb6 13.c5 Nc8 14.b4 a4 15.Bb2 Nd7 16.Nb1 Bf6
17.Bxf6 Qxf6 18.Nc3 b5 19.cxb6 Ncxb6 20.Rfc1 Rfc8 21.Qd2 Bh7 22.Ne1 Ne5 23.Nf3 Nxf3+
24.Bxf3 Nd7 25.Bg2 Qd4 26.Qd1 Nb6 27.Ra2 Bg6 28.Rac2 Qe5 29.Nb1 Qd6 30.Rc3 Nd7
31.Qc2 Ne5 32.Rc5 f6 33.f4 Nc4 34.Qc3 Ne3 35.Rxc6 Rxc6 36.Qxc6 Qxc6 37.Rxc6 Bf7
38.Bh3 f5 39.Nd2 g5 40.Kf2 d4 41.Bg2 Ra7 42.Bh1 Ng4+ 43.Kg1 gxf4 44.gxf4 Bh5
45.Nf3 Rg7 46.Kf1 Ne3+ 47.Kf2 Nd1+ 48.Ke1 Bxf3 49.Bxf3 Rg1+ 50.Kd2 Ne3 51.Rc1 Nf1+
52.Kc2 Ne3+ 53.Kb1 Rg7 54.Kb2 Nd5 55.Rc8+ Kh7 56.Rd8 Nxf4 57.Rxd4 Nxe2 58.Rd6 Nf4
59.b5 e5 60.Bc6 Rg8 61.Rd7+ Kg6 62.b6 Rb8 63.b7 Kf6 64.Rd6+ Ke7 65.Rd7+ Ke6
66.Kc3 Ne2+ 67.Kc4 Nd4 68.Kc5 Nxc6 69.Kxc6 f4 70.Rg7 f3 71.Rg1 Kf5 72.Kc7 Rh8
73.b8=Q Rxb8 74.Kxb8 Kf4 75.Kc7 Ke3 76.Kd6 Kxd3 77.Kxe5 f2 78.Rb1 Ke2 79.Kf5 f1=Q+
80.Rxf1 Kxf1 81.h4 Ke2 82.h5 Kd3 83.Kg6 Kc3 84.Kxh6 Kb3 85.Kg6 Kxa3 86.h6 Ka2
87.h7 a3 88.h8=Q Kb1 89.Qh1+ Kb2 90.Qg2+ Kb1 91.Qf1+ Kb2 92.Qe2+ Kb1 93.Qd1+ Kb2
94.Qd2+ Kb1 95.Qb4+ Ka2 96.Kf5  1-0

[Event "Czech Open G1 Rapid 2013"]
[Site "Pardubice CZE"]
[Date "2013.07.18"]
[Round "5.13"]
[White "Vastrukhin,O"]
[Black "Geller,J"]
[Result "0-1"]
[WhiteElo "2360"]
[BlackElo "2549"]

1.Nf3 d5 2.g3 Nf6 3.Bg2 c6 4.O-O Bf5 5.d4 h6 6.c4 e6 7.Qb3 Qb6 8.Nc3 Nbd7
9.Ne5 Qxb3 10.axb3 Bc2 11.Nxd7 Nxd7 12.cxd5 exd5 13.e4 dxe4 14.Bxe4 Bxe4
15.Nxe4 Bb4 16.Bf4 O-O 17.Ra4 a5 18.Bd6 Rfe8 19.Bxb4 Rxe4 20.Bxa5 c5 21.Rd1 b5
22.Raa1 Rxd4 23.Bc3 Rxa1 24.Rxa1 Rd5 25.b4 c4 26.Ra8+ Kh7 27.Kg2 Ne5 28.Bxe5 Rxe5
29.Kf3 Kg6 30.Rb8 h5 31.h4 Kf6 32.Rb6+ Kf5 33.Rb7 Ke6 34.Rb6+ Kf5 35.Rb7 Kg6
36.Rb6+ f6 37.Rb7 Kh6 38.Rb6 Rf5+ 39.Ke2 g5 40.hxg5+ Kxg5 41.Rc6 Rd5 42.Rb6 Kf5
43.Rb8 Ke4 44.Rb6 Rd3 45.Re6+ Kd5 46.Rxf6 Rb3 47.Rf5+ Ke4 48.Rxb5 Rxb2+ 49.Ke1 c3
50.Rc5 Kd3 51.Rd5+ Kc4 52.Rxh5 Rb1+ 53.Ke2 c2 54.Rc5+ Kb3 55.f4 c1=Q 56.Rxc1 Rxc1
57.Kf3 Kxb4 58.Ke4 Kc5 59.g4 Kd6 60.Kf5 Ke7 61.Kg5 Kf7 62.f5 Rc4 63.Kh5 Kf6
64.Kh4 Rc3  0-1

[Event "Czech Open G1 Rapid 2013"]
[Site "Pardubice CZE"]
[Date "2013.07.18"]
[Round "6.48"]
[White "Mojzis,Jar"]
[Black "Akots,G"]
[Result "1/2-1/2"]
[WhiteElo "2189"]
[BlackElo "2255"]

1.Nf3 d5 2.g3 Nf6 3.Bg2 c6 4.b3 Bf5 5.Bb2 e6 6.d3 h6 7.O-O Be7 8.c4 O-O 9.Nbd2 a5
10.a3 Na6 11.Qc2 Bh7 12.Rac1 Qb6 13.Qb1 Rfe8 14.Qa1 Rad8 15.Rb1 c5 16.Be5 d4
17.Bxf6 Bxf6 18.Ne1 Be7 19.Nc2 e5 20.Qa2 Bf8 21.Ra1 f5 22.b4 cxb4 23.axb4 Nxb4
24.Nxb4 Bxb4 25.c5+ Qe6 26.Bxb7 Qxa2 27.Rxa2 Bxc5 28.Rxa5 Bb4 29.Ra2 e4 30.Nc4 exd3
31.exd3 f4 32.Rd1 Re7 33.Bf3 Rde8 34.Ra8 fxg3 35.hxg3 Bg6 36.Rxe8+ Rxe8 37.Kg2 Bc3
38.Nd6 Rb8 39.Bd5+ Kh7 40.Be4 Rb6 41.Bxg6+ Kxg6 42.Ne4 Rb3 43.Kf3 Bb4 44.Kf4 Rb2
45.Ke5 Bc3 46.f4 Rb5+ 47.Kd6 Kf5 48.Rh1 Rb2 49.Rh5+ Kg4 50.Re5 Rb7 51.Kc6 Rb8
52.Re7 g5 53.fxg5 hxg5 54.Rg7 Kf3 55.Rxg5 Ke3 56.Nc5 Re8 57.Rg4 Kf3 58.Rg6 Ke3  1/2-1/2

[Event "Czech Open G1 Rapid 2013"]
[Site "Pardubice CZE"]
[Date "2013.07.18"]
[Round "7.41"]
[White "Sundararajan,K"]
[Black "Giannino,D"]
[Result "1-0"]
[WhiteElo "2435"]
[BlackElo "2007"]

1.g3 d5 2.Nf3 Nf6 3.Bg2 c6 4.O-O Bf5 5.c4 e6 6.d3 h6 7.cxd5 exd5 8.Nc3 Bc5
9.Qb3 Qc8 10.e4 dxe4 11.dxe4 Be6 12.Qc2 Nbd7 13.b3 O-O 14.Bb2 Rd8 15.Ne2 Be7
16.Nfd4 Nb6 17.Nxe6 Qxe6 18.Nd4 Qd7 19.Nf5 Ne8 20.Rad1 Qc7 21.Qc3 Bf6 22.e5 Be7
23.Be4 Bf8 24.Bb1 Nd5 25.Qc2 g6 26.Nh4 Ne7 27.Qc4 Rd5 28.Be4 Rxd1 29.Rxd1 Nd5
30.Bxd5 cxd5 31.Qxd5 Qb6 32.e6 Qxe6 33.Qxe6 fxe6 34.Nxg6 Bg7 35.Bxg7 Kxg7
36.Ne5 Nf6 37.Rd6 Rc8 38.Rxe6 Rc1+ 39.Kg2 Rc2 40.Re7+ Kg8 41.Kf3 Rxa2 42.Rxb7 a5
43.h3 a4 44.bxa4 Rxa4 45.Ng4 Nxg4 46.hxg4 Ra5 47.Ke4 Kh8 48.Rd7 Kg8 49.f4 Ra3
50.Rd3 Ra5 51.f5 Kg7 52.Rd7+ Kf6 53.Rh7 Ra4+ 54.Kf3 Ra3+ 55.Kg2 Ra2+ 56.Kh3  1-0

[Event "Czech Open G1 Rapid 2013"]
[Site "Pardubice CZE"]
[Date "2013.07.18"]
[Round "8.15"]
[White "Vastrukhin,O"]
[Black "Potapov,P"]
[Result "0-1"]
[WhiteElo "2360"]
[BlackElo "2460"]

1.Nf3 d5 2.g3 Nf6 3.Bg2 c6 4.O-O Bf5 5.d4 e6 6.c4 Nbd7 7.Qb3 Qb6 8.Nc3 Be7
9.Bf4 dxc4 10.Qxc4 Qxb2 11.Rab1 Bxb1 12.Rxb1 Nb6 13.Rxb2 Nxc4 14.Rxb7 Na5
15.Rb1 Nd5 16.Bd2 Nc4 17.Be1 O-O 18.e4 Nxc3 19.Bxc3 Rab8 20.Rc1 Ba3 21.Rc2 Rb1+
22.Bf1 Nd6 23.Nd2 Rc1 24.Rxc1 Bxc1 25.Bb4 Bxd2 26.Bxd6 Rd8 27.e5 Bc3 28.Bg2 Bxd4
29.Bxc6 Rc8 30.Bd7 Rc2  0-1

[Event "Czech Open G1 Rapid 2013"]
[Site "Pardubice CZE"]
[Date "2013.07.18"]
[Round "8.41"]
[White "Strebkovs,A"]
[Black "Semenova,El1"]
[Result "0-1"]
[WhiteElo "2312"]
[BlackElo "2152"]

1.Nf3 d5 2.g3 Nf6 3.c4 e6 4.Bg2 Be7 5.O-O O-O 6.b3 c5 7.Bb2 Nc6 8.e3 b6 9.Nc3 Bb7
10.d3 Rc8 11.Qe2 Qd7 12.Rfd1 Rfd8 13.cxd5 exd5 14.d4 Qe6 15.Ne5 Na5 16.f4 c4
17.g4 cxb3 18.axb3 Ne4 19.f5 Qh6 20.Nxe4 dxe4 21.Nc4 Bg5 22.Nxa5 Bxe3+ 23.Kh1 bxa5
24.Rxa5 Bf4 25.h3 a6 26.f6 Bc7 27.Bc1 e3 28.Rh5 Bxg2+ 29.Qxg2 Qxf6 30.Bxe3 Re8
31.Rf5 Qb6 32.Bg1 Qxb3 33.d5 Qxd1 34.Qf2 Rcd8 35.Qc5 Bd6 36.Qa7 Re7 37.Qb6 Bc7
38.Qc5 Qe2 39.Qa3 Qe4+ 40.Rf3 Bd6 41.Qb3 Rb8 42.Qc3 Rc7  0-1

[Event "Czech Open G1 Rapid 2013"]
[Site "Pardubice CZE"]
[Date "2013.07.18"]
[Round "9.33"]
[White "Mojzis,Jar"]
[Black "Battey,A"]
[Result "0-1"]
[WhiteElo "2189"]
[BlackElo "2304"]

1.Nf3 d5 2.g3 c6 3.Bg2 Bg4 4.b3 Nd7 5.Bb2 e6 6.O-O a5 7.a3 Ngf6 8.d3 Bd6
9.c4 O-O 10.Nbd2 e5 11.cxd5 cxd5 12.d4 e4 13.Ne5 Be6 14.f4 Bxe5 15.fxe5 Ng4
16.Qb1 Qg5 17.Rf4 f6 18.exf6 Rxf6 19.Rxf6 Qe3+ 20.Kh1 Ndxf6 21.Bf1 Qxd2 22.Qc1 e3
23.Qxd2 exd2 24.Bc3 d1=Q  0-1

[Event "Czech Open G1 Rapid 2013"]
[Site "Pardubice CZE"]
[Date "2013.07.18"]
[Round "9.13"]
[White "Neverov,V"]
[Black "Lalic,B"]
[Result "1/2-1/2"]
[WhiteElo "2492"]
[BlackElo "2489"]

1.Nf3 d5 2.g3 Nf6 3.Bg2 b5 4.d3 Bb7 5.O-O e6 6.Nbd2 Be7 7.e3 O-O 8.Qe2 c5
9.b3 Nc6 10.Bb2 a5 11.a4 bxa4 12.Rxa4 Nd7 13.e4 Nb6 14.Raa1 a4 15.exd5 exd5
16.Rfe1 Bf6 17.Bxf6 Qxf6 18.bxa4 Nxa4 19.Nb3 Nc3 20.Qf1 Rxa1 21.Rxa1 Qd6
22.Qe1 d4 23.Nfd2 Rd8 24.Nc4 Qf8 25.h4 h6 26.Qd2 Rb8 27.Kh2 Nb4 28.Bxb7 Rxb7
29.Ra5 Rc7 30.Qf4 Rc6 31.Qe5 Nbd5 32.Kg2 Re6 33.Qf5 Rf6 34.Qe5 Re6 35.Qf5 Rf6
36.Qg4 g6  1/2-1/2

[Event "Czech Open G1 Rapid 2013"]
[Site "Pardubice CZE"]
[Date "2013.07.18"]
[Round "9.15"]
[White "Boros,De"]
[Black "Dolezal,Ra1"]
[Result "0-1"]
[WhiteElo "2504"]
[BlackElo "2376"]

1.Nf3 d5 2.g3 Bf5 3.Bg2 c6 4.b3 h6 5.Bb2 Nd7 6.d3 Ngf6 7.Nbd2 e6 8.a3 Bc5
9.O-O O-O 10.e3 a5 11.Qe2 Bh7 12.e4 dxe4 13.dxe4 Qc7 14.e5 Nd5 15.Ne4 Rfd8
16.Ne1 Bf8 17.Nd3 Bxe4 18.Qxe4 Nc5 19.Nxc5 Bxc5 20.Qg4 Ne7 21.Be4 Rd7 22.Rae1 Rad8
23.Bc1 Kh8 24.Qh5 Ng8 25.c3 Bf8 26.Bc2 g6 27.Qf3 Bg7 28.Bf4 Ne7 29.Bxh6 Bxh6
30.Qxf7 Rf8 31.Qxe6 Kg7 32.Rd1 Bd2 33.Kg2 Nf5 34.b4 Re7 35.Qc4 Bh6 36.e6 Rf6
37.Bb3 Rfxe6 38.Qxe6 Rxe6 39.Bxe6 Kf6 40.Bb3 Qe5 41.Rfe1 Qxc3 42.Re6+ Kg5
43.h4+ Kh5 44.Rb1 Bf8 45.Re8 Bg7 46.Bd1+ Kh6 47.Bf3 Nd4 48.Be4 a4 49.Rd8 Ne6
50.Rd3 Qe5 51.Re3 Qd6 52.b5 Bd4 53.Re2 Qxa3 54.bxc6 bxc6 55.Bxc6 Nd8 56.Be4 Qd6
57.Rb5 a3 58.Rd2 Ne6 59.Bd5 Nc7 60.Ra5 Bc3  0-1

[Event "Czech Open G1 Rapid 2013"]
[Site "Pardubice CZE"]
[Date "2013.07.18"]
[Round "9.3"]
[White "Vorobiov,E"]
[Black "Geller,J"]
[Result "1-0"]
[WhiteElo "2585"]
[BlackElo "2549"]

1.Nf3 d5 2.g3 Nf6 3.Bg2 c6 4.O-O Bf5 5.d3 e6 6.Nbd2 h6 7.Qe1 Be7 8.e4 Bh7
9.Qe2 O-O 10.b3 a5 11.a3 c5 12.Bb2 Nc6 13.Rfe1 a4 14.exd5 exd5 15.bxa4 Rxa4
16.Rab1 b5 17.Ne5 Nxe5 18.Bxe5 Qd7 19.Nb3 Rxa3 20.Bd4 Ne4 21.Bb2 Ra4 22.dxe4 dxe4
23.Rbd1 Qc6 24.h4 f5 25.Be5 Bg6 26.Rd2 c4 27.Nd4 Qd5 28.h5 Bb4 29.hxg6 Bxd2
30.Qxd2 Qxe5 31.Nc6 Qe6 32.Nb4 Qxg6 33.Qd5+ Qf7 34.Qxb5 Raa8 35.Nc6 Kh8 36.Ne5 Qe6
37.Nc6 Rac8 38.Nd4 Qf6 39.c3 Rce8 40.Qxc4 f4 41.gxf4 Qxf4 42.Qe2 Rf6 43.Qe3 Qg4
44.Qg3 Qh5 45.Rxe4 Ref8 46.Ne6 Rg8 47.Nf4 Qd1+ 48.Kh2 Qd6 49.Nh5 Qxg3+ 50.fxg3 Rf2
51.Nf4 Rd8 52.Kg1 Rc2 53.Ne2 g6 54.Re7 Rd3 55.Kf1 Rd1+ 56.Kf2 Rdd2 57.Ke1 h5
58.Bf3 Kg8 59.Nf4 Rxc3 60.Kxd2 Rxf3 61.Re3 Rxe3 62.Kxe3 Kf7 63.Nh3 Kf6 64.Kf4  1-0

[Event "Czech Open G1 Rapid 2013"]
[Site "Pardubice CZE"]
[Date "2013.07.18"]
[Round "9.8"]
[White "Schlosser,P"]
[Black "Gavrilov,Al1"]
[Result "1/2-1/2"]
[WhiteElo "2602"]
[BlackElo "2452"]

1.Nf3 d5 2.g3 Nf6 3.Bg2 Nbd7 4.c4 dxc4 5.Na3 Nb6 6.Nxc4 Nxc4 7.Qa4+ c6 8.Qxc4 Qd5
9.b3 g6 10.Bb2 Bg7 11.Qxd5 cxd5 12.Rc1 O-O 13.O-O Rd8 14.Bd4 Bg4 15.h3 Bxf3
16.Bxf3 Ne4 17.Bxg7 Kxg7 18.Rc2 Rac8 19.Rfc1 Rxc2 20.Rxc2 Rd7 21.d4 f5 22.e3 Ng5
23.Bg2 e6 24.Kf1 Nf7 25.Ke2 Nd6 26.Kd3 g5 27.g4 Kf6 28.f4 gxf4 29.exf4 h6
30.Bf3 Rg7 31.Ke3 Rg8 32.Rc7 Rc8 33.Rxc8 Nxc8 34.Be2 Nd6 35.Bd3 Ne4 36.b4 Nd6
37.a4 b6 38.Kd2 a5 39.bxa5 bxa5 40.Ke3 Nc8 41.Bb5 Ne7 42.Be8 Nc8 43.Bb5 Nd6
44.Bd3 Ne4 45.Bc2 Nd6 46.Bd3 Nf7 47.Bb5 Nd6  1/2-1/2

[Event "7th LCT 2013"]
[Site "Leiden NED"]
[Date "2013.07.19"]
[Round "6.11"]
[White "Dahm,J"]
[Black "Van der Raaf,E"]
[Result "0-1"]
[WhiteElo "2304"]
[BlackElo "2140"]

1.Nf3 d5 2.g3 Nc6 3.Bg2 e5 4.d3 Be7 5.Nbd2 Bg4 6.h3 Be6 7.c3 Qd7 8.b4 a6
9.a3 f5 10.Nb3 Nf6 11.d4 Ne4 12.dxe5 Nxc3 13.Qc2 Ne4 14.Be3 O-O 15.Nbd4 Nxd4
16.Nxd4 Rac8 17.O-O c5 18.Nxe6 Qxe6 19.bxc5 Qxe5 20.Bxe4 fxe4 21.Rab1 Rc6
22.Rb6 Rfc8 23.Rxc6 Rxc6 24.Rd1 Bxc5 25.Bxc5 b6 26.Qb3 bxc5 27.Rxd5 c4 28.Qd1 Qe6
29.Rd8+ Kf7 30.Rd7+ Ke8 31.Rd4 c3 32.Qc2 Rc4 33.Qb3 Rc6 34.Qb8+ Rc8 35.Rxe4 Rxb8
36.Rxe6+ Kd7 37.Re3 c2 38.Rd3+ Ke7  0-1

[Event "28th Avoine Open"]
[Site "Avoine FRA"]
[Date "2013.07.20"]
[Round "1.39"]
[White "Leruste,G"]
[Black "Bodicker,R"]
[Result "1-0"]
[WhiteElo "2181"]
[BlackElo "2000"]

1.Nf3 d5 2.g3 c5 3.Bg2 Nc6 4.d4 e6 5.O-O Nf6 6.c4 Be7 7.cxd5 exd5 8.dxc5 Bxc5
9.Qc2 Bb6 10.Nc3 O-O 11.Bg5 Be6 12.Rad1 h6 13.Bh4 Qe7 14.Qc1 Rac8 15.Qf4 Bd8
16.e4 d4 17.e5 dxc3 18.exf6 Qc5 19.fxg7 Kxg7 20.Rxd8 Nxd8 21.Bf6+ Kh7 22.Nh4 Rg8
23.Qe4+ Rg6 24.Nxg6 fxg6 25.Bxd8 Bf5 26.Qxb7+ Kg8 27.Bf6 Rc7 28.Qd5+  1-0

[Event "XV Sant Marti Open A"]
[Site "Barcelona ESP"]
[Date "2013.07.20"]
[Round "8.13"]
[White "Valdes,Le"]
[Black "Pulvett,D"]
[Result "0-1"]
[WhiteElo "2444"]
[BlackElo "2405"]

1.Nf3 d5 2.g3 c6 3.Bg2 Bg4 4.c4 e6 5.cxd5 exd5 6.O-O Nd7 7.d3 Ngf6 8.h3 Bh5
9.Nc3 Be7 10.e4 dxe4 11.dxe4 Nc5 12.g4 Bg6 13.Ne5 O-O 14.Nxg6 hxg6 15.e5 Nfd7
16.f4 g5 17.b4 Ne6 18.f5 Nf4 19.Bxf4 gxf4 20.e6 fxe6 21.Qb3 Kh8 22.Rxf4 Bg5
23.Rff1 exf5 24.gxf5 Nf6 25.Rad1 Qb6+ 26.Kh1 Rae8 27.Na4 Qc7 28.Nc5 Re3 29.Rd3 Qg3
30.Rxe3 Bxe3 31.Rf3 Qe1+ 32.Rf1 Qg3 33.Rf3 Qe1+ 34.Rf1 Qe2 35.Qd1 Qxd1 36.Rxd1 Bxc5
37.bxc5 Re8 38.Rb1 Re7 39.Bf3 Kg8 40.Kg2 Kf7 41.Kg3 Ke8 42.Kf4 Kd8 43.h4 Kc7
44.Rc1 Nd7 45.h5 Kd8 46.Rc3 a6 47.Rc2 Ke8 48.Rh2 Kf8 49.h6 gxh6 50.Rxh6 Nxc5
51.f6 Nd3+ 52.Kg3 Re3 53.Kg4 Kf7 54.Bd1 Nf2+ 55.Kf5 Nxd1 56.Rh7+ Kf8 57.Rxb7 Nc3
58.Rb8+ Re8 59.Rb6 Nxa2 60.Rxa6 Nb4  0-1

[Event "DSK GM Open 2013"]
[Site "Cape Town RSA"]
[Date "2013.07.20"]
[Round "1.7"]
[White "Solomons,D"]
[Black "Haznedaroglu,K"]
[Result "0-1"]
[WhiteElo "2179"]
[BlackElo "2417"]

1.Nf3 d5 2.g3 c6 3.Bg2 Nf6 4.d3 Bf5 5.O-O h6 6.Nbd2 e6 7.Qe1 Be7 8.e4 Bh7
9.Qe2 O-O 10.Re1 a5 11.a4 Na6 12.e5 Nd7 13.Nd4 Nb4 14.N2b3 Rc8 15.Rd1 c5
16.Nb5 c4 17.N3d4 cxd3 18.cxd3 Nc5 19.f4 Ncxd3 20.Be3 Nc5 21.Bh3 Qd7 22.Rd2 Ne4
23.Rdd1 Nc6 24.Nb3 Bb4 25.g4 Qe7 26.Rac1 Rfd8 27.Bb6 Re8 28.Bg2 f6 29.f5 Nxe5
30.Bxe4 dxe4 31.Nc7 exf5 32.Nxe8 Rxe8 33.Nd4 fxg4 34.Rc7 Qd6 35.Rxb7 Bg6
36.Bc7 Qc5 37.Bb6 Nf3+ 38.Kg2 Qh5 39.Bc7 e3 40.Bg3 Qh3+ 41.Kh1 Be4 42.Qc4+ Kh8
43.Nc6 Nd4+  0-1